Mapa Agronómico Nacional... Hoja nº 604. Villaluenga. Memoria / (Record no. 135642)
[ view plain ]
| 000 -LEADER | |
|---|---|
| campo de control de longitud fija | 01450nam a2200301 i 4500 |
| 001 - NÚMERO DE CONTROL | |
| campo de control | 135642 |
| 003 - IDENTIFICADOR DE NÚMERO DE CONTROL | |
| campo de control | ES-MaACL |
| 005 - FECHA Y HORA DE LA ÚLTIMA TRANSACCIÓN | |
| campo de control | 20250407170755.0 |
| 007 - CAMPO FIJO DE DESCRIPCIÓN FÍSICA--INFORMACIÓN GENERAL | |
| campo de control de longitud fija | t| |
| 008 - DATOS DE LONGITUD FIJA--INFORMACIÓN GENERAL | |
| campo de control de longitud fija | 070720q1948 sp ||||1| spa d |
| 100 1# - ENTRADA PRINCIPAL--NOMBRE DE PERSONA | |
| Nombre de persona | Torrejón y Boneta, Angel de. |
| 9 (RLIN) | 110812 |
| 245 10 - MENCIÓN DEL TÍTULO | |
| Título | Mapa Agronómico Nacional... Hoja nº 604. Villaluenga. Memoria / |
| Mención de responsabilidad, etc. | Angel de Torrejón y Boneta. |
| 260 ## - PUBLICACIÓN, DISTRIBUCIÓN, ETC. | |
| Lugar de publicación, distribución, etc. | Madrid : |
| Nombre del editor, distribuidor, etc. | Tall. del Instituto Geográfico y Catastral, |
| Fecha de publicación, distribución, etc. | 1948. |
| 300 ## - DESCRIPCIÓN FÍSICA | |
| Extensión | 110 p., 4 graf. pleg. con 1 lám. : |
| Otras características físicas | il., 2 map. sueltos n. 604 ; |
| Dimensiones | 24 cm. |
| 500 ## - NOTA GENERAL | |
| Nota general | Es el n. 3. |
| 500 ## - NOTA GENERAL | |
| Nota general | Precede al tít.: Ministerio de Agricultura. Consejo Agronómico. |
| 505 ## - NOTA DE CONTENIDO CON FORMATO | |
| Nota de contenido con formato | Contiene: |
| Título | 1. Villaluenga. Mapa Agronómico Nacional de España. Masas de cultivos y forestales. 604 |
| -- | 2. Villaluenga. Mapa Agronómico Nacional de España. Zonas de Suelos. 604 |
| 510 ## - NOTA DE CITAS O REFERENCIAS BIBLIOGRÁFICAS | |
| Nombre de la fuente | CCPB, |
| Localización dentro de la fuente | 001207568-X |
| 650 04 - PUNTO DE ACCESO ADICIONAL DE MATERIA--TÉRMINO DE MATERIA | |
| Término de materia o nombre geográfico como elemento de entrada | Agricultura- |
| Subdivisión geográfica | España- |
| Subdivisión de forma | Mapas. |
| 9 (RLIN) | 9681 |
| 710 2# - ENTRADA AGREGADA--NOMBRE DE ENTIDAD CORPORATIVA | |
| Nombre de entidad corporativa o nombre de jurisdicción como elemento de entrada | Consejo Agronómico (España) |
| 9 (RLIN) | 5717 |
| 852 ## - LOCALIZACIÓN | |
| Ubicación | ES-MaACL |
| Número de control de estantería | D-6576 |
| Sublocalización o colección | R.30933 |
| -- | R.M.6167 |
| itemnumber | 140547 |
| Ubicación en estantería | Sala Valle Inclán |
| Marcas de propiedad | Sello en tinta azul de la Biblioteca del Ateneo de Madrid |
| 852 ## - LOCALIZACIÓN | |
| Ubicación | ES-MaACL |
| Número de control de estantería | MAP-ARG/10-1 |
| Sublocalización o colección | R.30933 |
| itemnumber | 204706 |
| Ubicación en estantería | Planero |
| 852 ## - LOCALIZACIÓN | |
| Ubicación | ES-MaACL |
| Número de control de estantería | MAP-ARG/10-2 |
| Sublocalización o colección | R.30933 |
| itemnumber | 204707 |
| Ubicación en estantería | Planero |
| 942 ## - ELEMENTOS DE ENTRADA SECUNDARIOS (KOHA) | |
| Fuente del sistema de clasificación o colocación | Clasificación decimal universal |
| Tipo de ítem Koha | Libro impreso |
| Estatus retirado | Estado de pérdida | Estado de daño | No para préstamo | Biblioteca de origen | Biblioteca actual | Ubicación en estantería | Fecha de adquisición | Fuente de adquisición | Total de préstamos | Signatura topográfica completa | Código de barras | Visto por última vez | Precio de reemplazo | Tipo de ítem Koha | Fuente del sistema de clasificación o colocación |
|---|---|---|---|---|---|---|---|---|---|---|---|---|---|---|---|
| Biblioteca del Ateneo de Madrid | Biblioteca del Ateneo de Madrid | Sala Valle Inclán | 17/01/2008 | D-6576 | 901141172 | 23/02/2023 | 23/02/2023 | Libro impreso | |||||||
| Biblioteca del Ateneo de Madrid | Biblioteca del Ateneo de Madrid | Planero | 08/03/2025 | MAP-ARG/10-1 | 101229483 | 08/03/2025 | 08/03/2025 | Mapa | Clasificación decimal universal | ||||||
| Biblioteca del Ateneo de Madrid | Biblioteca del Ateneo de Madrid | Planero | 08/03/2025 | MAP-ARG/10-2 | 101229484 | 08/03/2025 | 08/03/2025 | Mapa | Clasificación decimal universal |
